<?xml version="1.0" encoding="UTF-8"?>
<record
    xmlns:xsi="http://www.w3.org/2001/XMLSchema-instance"
    xsi:schemaLocation="http://www.loc.gov/MARC21/slim http://www.loc.gov/standards/marcxml/schema/MARC21slim.xsd"
    xmlns="http://www.loc.gov/MARC21/slim">

  <leader>02587nam a22002177a 4500</leader>
  <controlfield tag="005">20260703095924.0</controlfield>
  <controlfield tag="008">260703b        |||||||| |||| 00| 0 eng d</controlfield>
  <datafield tag="040" ind1=" " ind2=" ">
    <subfield code="c">AL</subfield>
  </datafield>
  <datafield tag="041" ind1=" " ind2=" ">
    <subfield code="a">kan</subfield>
  </datafield>
  <datafield tag="082" ind1=" " ind2=" ">
    <subfield code="a">K894.109</subfield>
    <subfield code="b">HARH</subfield>
  </datafield>
  <datafield tag="100" ind1=" " ind2=" ">
    <subfield code="a">Harihara</subfield>
    <subfield code="9">266192</subfield>
  </datafield>
  <datafield tag="100" ind1=" " ind2=" ">
    <subfield code="d">&#xCB9;&#xCB0;&#xCBF;&#xCB9;&#xCB0;</subfield>
    <subfield code="9">266187</subfield>
  </datafield>
  <datafield tag="245" ind1=" " ind2=" ">
    <subfield code="a">Harihara kaviya nambiyannana ragale</subfield>
    <subfield code="b">: &#xCB9;&#xCB0;&#xCBF;&#xCB9;&#xCB0; &#xC95;&#xCB5;&#xCBF;&#xCAF; &#xCA8;&#xC82;&#xCAC;&#xCBF;&#xCAF;&#xCA3;&#xCCD;&#xCA3;&#xCA8; &#xCB0;&#xC97;&#xCB3;&#xCC6;</subfield>
  </datafield>
  <datafield tag="260" ind1=" " ind2=" ">
    <subfield code="a">Bengaluru</subfield>
    <subfield code="b">Vasanta Prakashana</subfield>
    <subfield code="c">2022</subfield>
  </datafield>
  <datafield tag="300" ind1=" " ind2=" ">
    <subfield code="a">182p</subfield>
    <subfield code="b">PB</subfield>
    <subfield code="c">17.5x12cm</subfield>
  </datafield>
  <datafield tag="365" ind1=" " ind2=" ">
    <subfield code="2">Kannada</subfield>
    <subfield code="a">AM-000007</subfield>
    <subfield code="b">&#x20B9;96.00</subfield>
    <subfield code="c">&#x20B9;</subfield>
    <subfield code="d">&#x20B9;120.00</subfield>
    <subfield code="e">20%</subfield>
    <subfield code="f">11-05-2026</subfield>
  </datafield>
  <datafield tag="520" ind1=" " ind2=" ">
    <subfield code="a">&#xC86;&#xC9A;&#xCBE;&#xCB0;&#xCCD;&#xCAF; &#xC95;&#xCC3;&#xCA4;&#xCBF; '&#xCAD;&#xCBE;&#xCB0;&#xCA4;&#xCC0;&#xCAF; &#xC95;&#xCBE;&#xCB5;&#xCCD;&#xCAF;&#xCAE;&#xCC0;&#xCAE;&#xCBE;&#xC82;&#xCB8;&#xCC6;', '&#xCB8;&#xCAE;&#xCBE;&#xCB2;&#xCCB;&#xC95;&#xCA8;', '&#xC95;&#xCA8;&#xCCD;&#xCA8;&#xCA1; &#xCAE;&#xCA7;&#xCCD;&#xCAF;&#xCAE; &#xCB5;&#xCCD;&#xCAF;&#xCBE;&#xC95;&#xCB0;&#xCA3;', '&#xC95;&#xCBE;&#xCB5;&#xCCD;&#xCAF; &#xCB8;&#xCAE;&#xCC0;&#xC95;&#xCCD;&#xCB7;&#xCC6;', '&#xCA8;&#xC82;&#xC9F;&#xCB0;&#xCC1;', '&#xC92;&#xCB2;&#xCC1;&#xCAE;&#xCC6;' &#xCAE;&#xCCA;&#xCA6;&#xCB2;&#xCBE;&#xCA6; &#xCB9;&#xCB2;&#xCB5;&#xCBE;&#xCB0;&#xCC1; &#xCAE;&#xCCC;&#xCB2;&#xCBF;&#xC95; &#xC95;&#xCC3;&#xCA4;&#xCBF;&#xC97;&#xCB3; &#xCAE;&#xCC2;&#xCB2;&#xC95; &#xC95;&#xCA8;&#xCCD;&#xCA8;&#xCA1; &#xCB5;&#xCBF;&#xCA6;&#xCCD;&#xCB5;&#xCA4;&#xCCD;&#xCA4;&#xCC1;, &#xCB5;&#xCBF;&#xCAE;&#xCB0;&#xCCD;&#xCB6;&#xCC6;, &#xC97;&#xCCD;&#xCB0;&#xC82;&#xCA5; &#xCB8;&#xC82;&#xCAA;&#xCBE;&#xCA6;&#xCA8;&#xCC6;, &#xCAD;&#xCBE;&#xCB7;&#xCBE; &#xCB6;&#xCBE;&#xCB8;&#xCCD;&#xCA4;&#xCCD;&#xCB0; &#xCAE;&#xCA4;&#xCCD;&#xCA4;&#xCC1; &#xCB8;&#xCC3;&#xC9C;&#xCA8;&#xCB6;&#xCC0;&#xCB2; &#xC95;&#xCCD;&#xCB7;&#xCC7;&#xCA4;&#xCCD;&#xCB0;&#xCA6;&#xCB2;&#xCCD;&#xCB2;&#xCBF; &#xC85;&#xCA8;&#xCA8;&#xCCD;&#xCAF; &#xCB8;&#xCC7;&#xCB5;&#xCC6;&#xCAF;&#xCA8;&#xCCD;&#xCA8;&#xCC1; &#xCB8;&#xCB2;&#xCCD;&#xCB2;&#xCBF;&#xCB8;&#xCBF; &#xC9A;&#xCBF;&#xCB0;&#xCA8;&#xCC6;&#xCA8;&#xCAA;&#xCBF;&#xCA8;&#xCB2;&#xCCD;&#xCB2;&#xCBF;&#xCB0;&#xCC1;&#xCB5;&#xCB5;&#xCB0;&#xCC1; &#xCAA;&#xCCD;&#xCB0;&#xCCA;. &#xCA4;&#xCC0;.&#xCA8;&#xC82;. &#xCB6;&#xCCD;&#xCB0;&#xCC0;&#xC95;&#xC82;&#xCA0;&#xCAF;&#xCCD;&#xCAF;&#xCA8;&#xCB5;&#xCB0;&#xCC1;, &#xC85;&#xCB5;&#xCB0;&#xCC1; '&#xC95;&#xCBE;&#xCB5;&#xCCD;&#xCAF;&#xCAE;&#xCC0;&#xCAE;&#xCBE;&#xC82;&#xCB8;&#xCC6;' &#xC95;&#xCCD;&#xCB7;&#xCC7;&#xCA4;&#xCCD;&#xCB0;&#xCA6;&#xCB2;&#xCCD;&#xCB2;&#xCBF; &#xC86;&#xCA7;&#xCC1;&#xCA8;&#xCBF;&#xC95; &#xC86;&#xC9A;&#xCBE;&#xCB0;&#xCCD;&#xCAF; &#xC85;&#xCAD;&#xCBF;&#xCA8;&#xCB5; &#xC97;&#xCC1;&#xCAA;&#xCCD;&#xCA4; &#xC8E;&#xC82;&#xCA6;&#xCC1; &#xCAA;&#xCCD;&#xCB0;&#xCB8;&#xCBF;&#xCA6;&#xCCD;&#xCA6;&#xCB0;&#xCBE;&#xC97;&#xCBF;&#xCA6;&#xCCD;&#xCA6;&#xCBE;&#xCB0;&#xCC6;.
&#xCA4;&#xCC1;&#xCAE;&#xC95;&#xCC2;&#xCB0;&#xCC1; &#xC9C;&#xCBF;&#xCB2;&#xCCD;&#xCB2;&#xCC6;&#xCAF; &#xC9A;&#xCBF;&#xC95;&#xCCD;&#xC95;&#xCA8;&#xCBE;&#xCAF;&#xC95;&#xCA8;&#xCB9;&#xCB3;&#xCCD;&#xCB3;&#xCBF; &#xCA4;&#xCBE;&#xCB2;&#xCCD;&#xCB2;&#xCC2;&#xC95;&#xCBF;&#xCA8; &#xCA4;&#xCC0;&#xCB0;&#xCCD;&#xCA5;&#xCAA;&#xCC1;&#xCB0; &#xC97;&#xCCD;&#xCB0;&#xCBE;&#xCAE;&#xCA6;&#xCB2;&#xCCD;&#xCB2;&#xCBF; &#xC9C;&#xCA8;&#xCBF;&#xCB8;&#xCBF;&#xCA6; &#xCA4;&#xCC0;.&#xCA8;&#xC82;.&#xCB6;&#xCCD;&#xCB0;&#xCC0;.&#xCAF;&#xCB5;&#xCB0;&#xCC1; &#xCA4;&#xCC6;&#xC82;&#xC97;&#xCBF;&#xCA8; &#xCB8;&#xCC0;&#xCAE;&#xCC6;&#xC97;&#xCC6; &#xCB8;&#xCC7;&#xCB0;&#xCBF;&#xCA6;&#xCB5;&#xCB0;&#xCC1;. &#xCA4;&#xCC6;&#xC82;&#xC97;&#xCBF;&#xCA8; &#xCAE;&#xCB0; &#xCA8;&#xCC6;&#xCB2;&#xCA6;&#xCCA;&#xCB3;&#xC97;&#xCC6; &#xCAC;&#xCC7;&#xCB0;&#xCC1; &#xC9A;&#xCBE;&#xC9A;&#xCBF; &#xC8E;&#xCA4;&#xCCD;&#xCA4;&#xCB0;&#xCA6;&#xCB2;&#xCCD;&#xCB2;&#xCBF; &#xC97;&#xCB0;&#xCBF;&#xCAC;&#xCBF;&#xC9A;&#xCCD;&#xC9A;&#xCBF; &#xC97;&#xCCA;&#xCA8;&#xCC6;&#xC97;&#xCCA;&#xCA8;&#xCC6; &#xC95;&#xCBE;&#xCAF;&#xCBF;&#xC97;&#xCB3;&#xCA8;&#xCCD;&#xCA8;&#xCC1; &#xCB9;&#xCCA;&#xCA4;&#xCCD;&#xCA4;&#xCC1; &#xCA8;&#xCC6;&#xC9F;&#xCCD;&#xC9F;&#xC97;&#xCC6; &#xCA8;&#xCBF;&#xCB2;&#xCCD;&#xCB2;&#xCC1;&#xCB5;&#xC82;&#xCA5;&#xCA6;&#xCC1;. &#xCAA;&#xCBE;&#xC82;&#xCA1;&#xCBF;&#xCA4;&#xCCD;&#xCAF;&#xCA6; &#xCB9;&#xCB2;&#xCB5;&#xCC1; &#xCA8;&#xCC6;&#xCB2;&#xCC6;&#xC97;&#xCB3;&#xCB2;&#xCCD;&#xCB2;&#xCBF; &#xCAC;&#xCC7;&#xCB0;&#xCC2;&#xCB0;&#xCBF; &#xCAA;&#xCCD;&#xCB0;&#xCA4;&#xCBF;&#xCAD;&#xCC6;&#xCAF; &#xC97;&#xCB0;&#xCBF;&#xCAC;&#xCBF;&#xC9A;&#xCCD;&#xC9A;&#xCBF;&#xCA8;&#xCBF;&#xC82;&#xCA4; &#xCA4;&#xCC0;.&#xCA8;&#xC82;.&#xCB6;&#xCCD;&#xCB0;&#xCC0;.&#xCAF;&#xCB5;&#xCB0; &#xCB5;&#xCCD;&#xCAF;&#xC95;&#xCCD;&#xCA4;&#xCBF;&#xCA4;&#xCCD;&#xCB5; &#xC88; &#xCA4;&#xCC6;&#xC82;&#xC97;&#xCBF;&#xCA8; &#xCAE;&#xCB0;&#xC97;&#xCB3;&#xCBF;&#xC97;&#xCC6; &#xCA4;&#xC95;&#xCCD;&#xC95; &#xCAA;&#xCCD;&#xCB0;&#xCA4;&#xCC0;&#xC95;&#xCB5;&#xCBE;&#xC97;&#xCBF;&#xCA6;&#xCC6;.</subfield>
  </datafield>
  <datafield tag="700" ind1=" " ind2=" ">
    <subfield code="a">Sreekanatiya T N</subfield>
    <subfield code="9">266188</subfield>
  </datafield>
  <datafield tag="700" ind1=" " ind2=" ">
    <subfield code="a">&#xCA4;&#xCC0; &#xCA8;&#xC82;&#xCB6;&#xCCD;&#xCB0;&#xCC0;&#xC95;&#xC82;&#xCA0;&#xCAF;&#xCCD;&#xCAF;</subfield>
    <subfield code="9">266189</subfield>
  </datafield>
  <datafield tag="942" ind1=" " ind2=" ">
    <subfield code="2">ddc</subfield>
    <subfield code="c">BK</subfield>
  </datafield>
  <datafield tag="999" ind1=" " ind2=" ">
    <subfield code="c">241544</subfield>
    <subfield code="d">241544</subfield>
  </datafield>
  <datafield tag="952" ind1=" " ind2=" ">
    <subfield code="0">0</subfield>
    <subfield code="1">0</subfield>
    <subfield code="2">ddc</subfield>
    <subfield code="4">0</subfield>
    <subfield code="7">0</subfield>
    <subfield code="8">KAN</subfield>
    <subfield code="a">AL</subfield>
    <subfield code="b">AL</subfield>
    <subfield code="c">SK</subfield>
    <subfield code="d">2026-05-19</subfield>
    <subfield code="e">Navakarnataka Publications Pvt. Ltd. Mangaluru-575001</subfield>
    <subfield code="g">96.00</subfield>
    <subfield code="l">0</subfield>
    <subfield code="o">K894.109 HARS</subfield>
    <subfield code="p">078138</subfield>
    <subfield code="r">2026-07-03 09:54:47</subfield>
    <subfield code="v">120.00</subfield>
    <subfield code="w">2026-05-11</subfield>
    <subfield code="y">BK</subfield>
  </datafield>
</record>
